|
|
|
|
| LEADER |
01390nas a2200397 a 4500 |
| 001 |
c000151054 |
| 003 |
CARM |
| 005 |
20050915132154.0 |
| 008 |
830504c19669999gy uu0m f0 0a0eng d |
| 010 |
|
|
|a gs 68000050 //r922
|
| 019 |
1 |
|
|a 2872233
|
| 022 |
|
|
|a 0367-4363
|z 0072-9116
|
| 022 |
|
|
|z 0072-9116
|
| 030 |
|
|
|a GGBUB6
|
| 035 |
|
|
|a ()1055970
|
| 042 |
|
|
|a lcd
|a nsdp
|
| 043 |
|
|
|a s-gy---
|
| 050 |
0 |
0 |
|a QE243
|b .A3
|
| 051 |
|
|
|a TN48
|b .A25
|c 2d set
|
| 130 |
0 |
|
|a Bulletin (Guyana. Geological Survey)
|
| 210 |
0 |
|
|a Bull. - Geol. Surv. Guyana
|
| 222 |
|
0 |
|a Bulletin - Geological Survey of Guyana
|
| 245 |
0 |
0 |
|a Bulletin /
|c Geological Survey of Guyana, Ministry of Forests, Lands & Mines.
|
| 260 |
|
|
|a Georgetown, Guyana :
|b Geological Survey Dept.,
|c 1966-.
|
| 300 |
|
|
|a v. :
|b ill. ;
|c 25 cm.
|
| 362 |
0 |
|
|a 37-
|
| 510 |
2 |
|
|a GeoRef
|x 0197-7482
|
| 650 |
|
0 |
|a Geology
|z Guyana.
|
| 650 |
|
0 |
|a Mines and mineral resources
|z Guyana
|
| 710 |
1 |
|
|a Guyana.
|b Geological Survey.
|
| 780 |
0 |
0 |
|t Bulletin (British Guiana. Geological Survey)
|x 0367-4363
|w (OCoLC)1287373
|w (DLC)sf 82008049
|
| 852 |
8 |
|
|b CARM
|h A2:AP11D4
|i D04675
|p 0185423
|f SE
|
| 866 |
|
0 |
|a 37(1966)
|
| 866 |
|
0 |
|a 37(1966)
|
| 999 |
f |
f |
|i 6f9f529b-05fb-5ecd-9e34-63c476cb2b7d
|s 72955579-f155-5704-a428-17dfaed24f6b
|
| 952 |
f |
f |
|p Can circulate
|a CAVAL
|b CAVAL
|c CAVAL
|d CARM 1 Store
|e D04675
|f A2:AP11D4
|h Other scheme
|i book
|k 37(1966)
|m 0185423
|